[Event "Gijon RGCC op 7th"]
[Site "Gijon"]
[Date "2023.08.09"]
[Round "7"]
[White "Paton Alvarez, Ivan"]
[Black "Sande Edreira, Jose Antonio"]
[Result "1/2-1/2"]
[WhiteElo "1981"]
[BlackElo "2184"]
[PlyCount "86"]
[EventDate "2023.08.05"]
[EventType "swiss"]
[EventRounds "9"]
[EventCountry "ESP"]
[SourceTitle "EXT 2024"]
[Source "ChessBase"]
[SourceDate "2023.10.10"]
[SourceVersion "1"]
[SourceVersionDate "2023.10.10"]
[SourceQuality "1"]

1. e4 c5 2. Nf3 Nc6 3. d4 cxd4 4. Nxd4 g6 5. Nc3 Bg7 6. Be3 Nf6 7. h4 0-0 8. h5 d5 9. h6 Bh8 10. exd5 Nb4 11. Bc4 Ng4 12. Bb3 Nxe3 13. fxe3 a5 14. a3 Na6 15. 0-0 Nc5 16. Bc4 Qc7 17. Qf3 Qe5 18. Rae1 Bd7 19. b4 axb4 20. axb4 Na4 21. d6 e6 22. Nxa4 Rxa4 23. Rd1 Rxb4 24. Bb3 f5 25. Rd3 Rb6 26. Rfd1 Bf6 27. Qf4 Kf7 28. Nf3 Qxf4 29. exf4 Rc8 30. Re1 Rc5 31. Nd4 Bxd4+ 32. Rxd4 Rc8 33. Kf2 Kf6 34. Kg3 Rcc6 35. Bxe6 Rxd6 36. Rxd6 Rxd6 37. Bxd7 Rxd7 38. Rb1 Ke6 39. Rb5 Rc7 40. Kh3 Kd6 41. g3 Kc6 42. Rb3 Kd5 43. Kh4 Ke4 1/2-1/2

[Event "Gijon RGCC op 7th"]
[Site "Gijon"]
[Date "2023.08.08"]
[Round "6"]
[White "Sande Edreira, Jose Antonio"]
[Black "Perez Garcia, Roberto"]
[Result "1-0"]
[WhiteElo "2184"]
[BlackElo "2056"]
[PlyCount "71"]
[EventDate "2023.08.05"]
[EventType "swiss"]
[EventRounds "9"]
[EventCountry "ESP"]
[SourceTitle "EXT 2024"]
[Source "ChessBase"]
[SourceDate "2023.10.10"]
[SourceVersion "1"]
[SourceVersionDate "2023.10.10"]
[SourceQuality "1"]

1. c4 c5 2. g3 g6 3. Bg2 Bg7 4. Nc3 Nc6 5. e4 a6 6. a4 d6 7. Nge2 Nf6 8. 0-0 0-0 9. d3 Ne8 10. Be3 e5 11. Nd5 Rb8 12. a5 Nxa5 13. b4 Nc6 14. bxc5 Be6 15. cxd6 Qxd6 16. Qb3 Nf6 17. Qb6 Nd7 18. Qb3 Bxd5 19. exd5 Nd4 20. Nxd4 exd4 21. Bf4 Be5 22. Bxe5 Qxe5 23. Rfe1 Qf6 24. Qa3 b6 25. Qxa6 Nc5 26. Qa3 Ra8 27. Qxa8 Rxa8 28. Rxa8+ Kg7 29. Bf1 Qf3 30. Ra7 Nxd3 31. Bxd3 Qxd3 32. Ree7 Qxc4 33. Rxf7+ Kh6 34. Rxh7+ Kg5 35. Raf7 d3 36. Rf4 1-0

[Event "Sunway Formentera op 2nd"]
[Site "Sant Ferran de ses Roques"]
[Date "2023.04.21"]
[Round "4"]
[White "Sande Edreira, Jose Antonio"]
[Black "Doluhanova, Evgeniya"]
[Result "0-1"]
[WhiteElo "2217"]
[BlackElo "2318"]
[PlyCount "140"]
[EventDate "2023.04.18"]
[EventType "swiss"]
[EventRounds "10"]
[EventCountry "ESP"]
[SourceTitle "CBM 213 Extra"]
[Source "ChessBase"]
[SourceDate "2023.05.31"]
[SourceVersion "1"]
[SourceVersionDate "2023.05.31"]
[SourceQuality "1"]

1. c4 e5 2. g3 Nc6 3. Bg2 Bc5 4. Nc3 Nf6 5. e3 0-0 6. Nge2 Re8 7. 0-0 Bf8 8. d4 d6 9. h3 g6 10. d5 Nb8 11. e4 Bg7 12. Be3 b6 13. b4 a5 14. a3 Nbd7 15. Qb3 Nh5 16. c5 bxc5 17. bxc5 Ba6 18. c6 Nc5 19. Bxc5 dxc5 20. Nb5 Bxb5 21. Qxb5 Bf8 22. Nc3 f5 23. exf5 gxf5 24. Qc4 Bd6 25. Nb5 e4 26. Nxd6 Qxd6 27. Rac1 e3 28. Qh4 exf2+ 29. Kh2 Ng7 30. Rxf2 Re3 31. Rf3 Rxf3 32. Bxf3 Rb8 33. Qf4 Rb2+ 34. Kg1 Ne8 35. Qg5+ Ng7 36. Re1 Kf8 37. Qf4 Qxf4 38. gxf4 Rd2 39. Rc1 Rd3 40. Kf2 Ne8 41. Rxc5 Rxa3 42. Rb5 Ke7 43. d6+ Nxd6 44. Re5+ Kd8 45. Bd5 a4 46. h4 Ra1 47. Re2 a3 48. Ke3 Rd1 49. Ba2 Rc1 50. Kd4 Nb5+ 51. Ke5 Rc5+ 52. Kf6 Rxc6+ 53. Kg7 Nc3 54. Rc2 h5 55. Bd5 Rc5 56. Bb3 Ne4 57. Ra2 Rc3 58. Rxa3 Ke7 59. Ra7 Rg3+ 60. Kh6 Rxb3 61. Rxc7+ Kd6 62. Rc1 Rf3 63. Kxh5 Rxf4 64. Kg6 Ke5 65. h5 Rg4+ 66. Kf7 f4 67. h6 f3 68. Kf8 Ng5 69. Kg7 Kf4 70. Kg6 f2 0-1

[Event "Sunway Formentera op 2nd"]
[Site "Sant Ferran de ses Roques"]
[Date "2023.04.19"]
[Round "2"]
[White "Chen, Peng"]
[Black "Sande Edreira, Jose Antonio"]
[Result "1-0"]
[WhiteElo "2425"]
[BlackElo "2217"]
[PlyCount "99"]
[EventDate "2023.04.18"]
[EventType "swiss"]
[EventRounds "10"]
[EventCountry "ESP"]
[SourceTitle "CBM 213 Extra"]
[Source "ChessBase"]
[SourceDate "2023.05.31"]
[SourceVersion "1"]
[SourceVersionDate "2023.05.31"]
[SourceQuality "1"]

1. e4 c5 2. Nc3 Nc6 3. Bb5 Nd4 4. Nf3 g6 5. Nxd4 cxd4 6. Ne2 Bg7 7. 0-0 Nf6 8. d3 0-0 9. c3 dxc3 10. bxc3 d6 11. Ba4 b6 12. f3 Ba6 13. Bg5 Rc8 14. Rc1 Rc5 15. Be3 Ra5 16. Nd4 Qc7 17. Nc6 Rh5 18. g4 Rc5 19. Nb4 Bb7 20. Bxc5 dxc5 21. Nc2 Rd8 22. Qe2 Ba6 23. Rcd1 h5 24. Bb3 e6 25. Ne1 Qe5 26. c4 Bb7 27. Ba4 Bh6 28. Ng2 Qd4+ 29. Kh1 Kg7 30. Ne1 Bf4 31. Ng2 Bc7 32. g5 Nh7 33. f4 f6 34. gxf6+ Nxf6 35. Qf3 Rf8 36. h3 a6 37. Rde1 b5 38. Bb3 b4 39. Qe3 Rd8 40. Qxd4 Rxd4 41. Re3 Bc6 42. Nh4 Rd8 43. Rg3 Kf7 44. Kh2 Rg8 45. e5 Nh7 46. Bd1 g5 47. Bxh5+ Ke7 48. Bf3 Be8 49. Be4 Rh8 50. Nf3 1-0

[Event "Guimaraes op"]
[Site "Guimaraes"]
[Date "2021.08.26"]
[Round "5"]
[White "Campora, Daniel Hugo"]
[Black "Sande Edreira, Jose Antonio"]
[Result "1/2-1/2"]
[WhiteElo "2401"]
[BlackElo "2246"]
[PlyCount "120"]
[EventDate "2021.08.24"]
[EventType "swiss"]
[EventRounds "9"]
[EventCountry "POR"]
[SourceTitle "CBM 204 Extra"]
[Source "ChessBase"]
[SourceDate "2021.11.30"]
[SourceVersion "1"]
[SourceVersionDate "2021.11.30"]
[SourceQuality "1"]

1. e4 c5 2. Nf3 g6 3. d4 cxd4 4. Nxd4 Bg7 5. c4 Nc6 6. Be3 Nf6 7. Nc3 0-0 8. Be2 d6 9. 0-0 Nxd4 10. Bxd4 Be6 11. Rc1 Qa5 12. Nd5 Nxd5 13. exd5 Bd7 14. Bxg7 Kxg7 15. Qd4+ Kg8 16. Rc3 Rfc8 17. Rfc1 a6 18. a3 Qd8 19. h4 b5 20. h5 bxc4 21. Bxc4 Qf8 22. Qd2 a5 23. b3 Qg7 24. h6 Qf6 25. Re1 Bf5 26. Rf3 a4 27. g4 axb3 28. Bxb3 Rxa3 29. gxf5 Rb8 30. Qc1 Rba8 31. Qc3 Qg5+ 32. Rg3 Qxh6 33. Rxe7 Rxb3 34. Qe1 Rxg3+ 35. fxg3 Qg5 36. Rd7 Rc8 37. Qf2 Qc1+ 38. Qf1 Qc5+ 39. Kh2 Qxd5 40. Kh3 h5 41. Re7 g5 42. Re2 Qd4 43. Kh2 Qg4 44. f6 Kh7 45. Qb1+ Kh6 46. Qd3 Rc5 47. Rg2 Rc1 48. Qxd6 Qd1 49. Qf8+ Kg6 50. Qg8+ Kf5 51. Rf2+ Ke4 52. Qe8+ Kd3 53. Qb5+ Ke3 54. Qb6+ Kd3 55. Qa6+ Ke3 56. Qa7+ Kd3 57. Qa3+ Kd4 58. Qa7+ Kd3 59. Qa6+ Ke3 60. Qb6+ Kd3 1/2-1/2

[Event "Lugo"]
[Site "Lugo"]
[Date "2020.02.16"]
[Round "9"]
[White "Lopez, Jasel"]
[Black "Sande Edreira, Jose Antonio"]
[Result "1/2-1/2"]
[WhiteElo "2414"]
[BlackElo "2245"]
[PlyCount "23"]
[EventDate "2020.02.09"]
[EventType "tourn"]
[EventRounds "9"]
[EventCountry "ESP"]
[SourceTitle "EXT 2024"]
[Source "ChessBase"]
[SourceDate "2023.10.10"]
[SourceVersion "1"]
[SourceVersionDate "2023.10.10"]
[SourceQuality "1"]

1. d4 Nf6 2. Bf4 c5 3. d5 d6 4. Nc3 g6 5. e4 a6 6. a4 Bg7 7. Nf3 Bg4 8. Be2 Bxf3 9. Bxf3 Nbd7 10. 0-0 0-0 11. Qd2 Rb8 12. a5 1/2-1/2

[Event "Lugo"]
[Site "Lugo"]
[Date "2020.02.14"]
[Round "7"]
[White "Lopez Varela, Pablo"]
[Black "Sande Edreira, Jose Antonio"]
[Result "0-1"]
[WhiteElo "2156"]
[BlackElo "2245"]
[PlyCount "96"]
[EventDate "2020.02.09"]
[EventType "tourn"]
[EventRounds "9"]
[EventCountry "ESP"]
[SourceTitle "EXT 2024"]
[Source "ChessBase"]
[SourceDate "2023.10.10"]
[SourceVersion "1"]
[SourceVersionDate "2023.10.10"]
[SourceQuality "1"]

1. e4 c5 2. Nf3 g6 3. d4 cxd4 4. Nxd4 Bg7 5. Nc3 Nc6 6. Be3 Nf6 7. Bc4 Qa5 8. 0-0 0-0 9. Bb3 d6 10. h3 Bd7 11. Re1 Rfe8 12. Qe2 Rac8 13. Rad1 a6 14. a4 Nxd4 15. Bxd4 Bc6 16. e5 dxe5 17. Qxe5 Qxe5 18. Bxe5 e6 19. a5 Red8 20. Na4 Nd7 21. Bg3 Bxa4 22. Bxa4 Nc5 23. b3 Bc3 24. Rxd8+ Rxd8 25. Re3 Bxa5 26. Be5 b5 27. b4 Bxb4 28. Bb3 Nxb3 29. Rxb3 Rd1+ 30. Kh2 Bd6 31. Bxd6 Rxd6 32. Kg3 Rc6 33. Ra3 b4 34. Ra4 Rc3+ 35. f3 a5 36. Rxa5 Rxc2 37. Rb5 Rb2 38. h4 h5 39. Kf4 Kg7 40. g4 hxg4 41. Kxg4 Rb1 42. h5 gxh5+ 43. Rxh5 b3 44. Rb5 b2 45. Kf4 Kf6 46. Rb6 Kg6 47. Rb5 f6 48. Rb6 e5+ 0-1

[Event "Lugo"]
[Site "Lugo"]
[Date "2020.02.13"]
[Round "6"]
[White "Sande Edreira, Jose Antonio"]
[Black "Starostits, Ilmars"]
[Result "0-1"]
[WhiteElo "2245"]
[BlackElo "2487"]
[PlyCount "54"]
[EventDate "2020.02.09"]
[EventType "tourn"]
[EventRounds "9"]
[EventCountry "ESP"]
[SourceTitle "EXT 2024"]
[Source "ChessBase"]
[SourceDate "2023.10.10"]
[SourceVersion "1"]
[SourceVersionDate "2023.10.10"]
[SourceQuality "1"]

1. c4 e5 2. g3 Nc6 3. Bg2 Bc5 4. Nc3 a6 5. e3 d6 6. Nf3 Bg4 7. h3 Bh5 8. g4 Bg6 9. d4 Ba7 10. d5 Nb8 11. e4 Nd7 12. Bg5 Ngf6 13. Qc2 h6 14. Bd2 b5 15. cxb5 axb5 16. Nxb5 Nxe4 17. Qxc7 Bxf2+ 18. Ke2 Bb6 19. Nxd6+ Nxd6 20. Qxd6 Bc5 21. Qc6 Rc8 22. Qa4 0-0 23. Ne1 Bd4 24. Rc1 Nc5 25. Qa3 Ra8 26. Qg3 Rxa2 27. b4 Ne4 0-1

[Event "Lisbon Portugal rapid op"]
[Site "Lisbon"]
[Date "2019.02.10"]
[Round "8"]
[White "Pereira, Fernando Luis Melao"]
[Black "Sande Edreira, Jose Antonio"]
[Result "0-1"]
[WhiteElo "2012"]
[BlackElo "2244"]
[PlyCount "52"]
[EventDate "2019.02.10"]
[EventType "swiss (rapid)"]
[EventRounds "8"]
[EventCountry "POR"]
[SourceTitle "CBM 188 Extra"]
[Source "ChessBase"]
[SourceDate "2019.02.26"]
[SourceVersion "1"]
[SourceVersionDate "2019.02.26"]
[SourceQuality "1"]

1. d4 Nf6 2. c4 g6 3. Nc3 Bg7 4. e4 d6 5. f3 0-0 6. Be3 b6 7. Qd2 c5 8. 0-0-0 cxd4 9. Bxd4 Nc6 10. Be3 Be6 11. Bh6 Bxh6 12. Qxh6 a6 13. Nh3 b5 14. Ng5 Qa5 15. Nxe6 fxe6 16. cxb5 axb5 17. Bxb5 Ne5 18. f4 Neg4 19. Qg5 Rfc8 20. a4 Nf2 21. Kb1 Rxc3 22. bxc3 N2xe4 23. Qh4 Nxc3+ 24. Kc2 Nxb5 25. f5 Qc3+ 26. Kb1 Qb3+ 0-1

[Event "Lisbon Portugal op"]
[Site "Lisbon"]
[Date "2019.02.06"]
[Round "5"]
[White "Terrieux, Kevin"]
[Black "Sande Edreira, Jose Antonio"]
[Result "1-0"]
[WhiteElo "2459"]
[BlackElo "2244"]
[PlyCount "99"]
[EventDate "2019.02.02"]
[EventType "swiss"]
[EventRounds "9"]
[EventCountry "POR"]
[SourceTitle "CBM 188 Extra"]
[Source "ChessBase"]
[SourceDate "2019.02.26"]
[SourceVersion "1"]
[SourceVersionDate "2019.02.26"]
[SourceQuality "1"]

1. d4 Nf6 2. Nf3 g6 3. Nbd2 Bg7 4. e4 0-0 5. Bd3 c5 6. c3 cxd4 7. cxd4 Nc6 8. 0-0 d6 9. h3 Nd7 10. Nb3 a5 11. a4 e5 12. Be3 Nb4 13. Bb5 exd4 14. Bxd4 Bxd4 15. Nbxd4 Nc5 16. Re1 Bd7 17. Ra3 Re8 18. Rae3 Rc8 19. b3 Qf6 20. Bxd7 Nxd7 21. Nb5 Re6 22. Nfd4 Re5 23. Qg4 Rd8 24. Rf3 Qg5 25. Qxg5 Rxg5 26. Rfe3 Nf6 27. Rd1 Rc5 28. Nf3 Ne8 29. Re2 f6 30. Red2 Rc2 31. Rxc2 Nxc2 32. Nd2 d5 33. Nc4 d4 34. Nxa5 Nd6 35. Nxd6 Rxd6 36. Nxb7 Rb6 37. Nc5 Rc6 38. b4 Kf7 39. Rd2 Nxb4 40. Rxd4 Nc2 41. Rc4 Na3 42. Rc1 Ke7 43. Nd3 Rxc1+ 44. Nxc1 Nc4 45. Nd3 Kd6 46. f4 Nd2 47. e5+ fxe5 48. fxe5+ Kd5 49. a5 Nc4 50. a6 1-0

[Event "Lisbon Portugal op"]
[Site "Lisbon"]
[Date "2019.02.03"]
[Round "3"]
[White "Romano, Joao Manuel Pereira"]
[Black "Sande Edreira, Jose Antonio"]
[Result "1/2-1/2"]
[WhiteElo "2052"]
[BlackElo "2244"]
[PlyCount "123"]
[EventDate "2019.02.02"]
[EventType "swiss"]
[EventRounds "9"]
[EventCountry "POR"]
[SourceTitle "CBM 188 Extra"]
[Source "ChessBase"]
[SourceDate "2019.02.26"]
[SourceVersion "1"]
[SourceVersionDate "2019.02.26"]
[SourceQuality "1"]

1. d4 Nf6 2. g3 g6 3. Bg2 Bg7 4. e4 d6 5. Nc3 0-0 6. Nge2 c5 7. dxc5 dxc5 8. Qxd8 Rxd8 9. e5 Ne8 10. f4 f6 11. exf6 exf6 12. Bd2 Nd6 13. 0-0-0 Na6 14. Bd5+ Kf8 15. Be3 Bg4 16. Bf2 Rac8 17. h3 Bd7 18. Bg2 Bc6 19. Bxc6 Rxc6 20. Nb5 f5 21. Nec3 Bxc3 22. Nxc3 Re8 23. Rhe1 Rxe1 24. Rxe1 Nc7 25. Re5 b6 26. g4 Nf7 27. Re2 fxg4 28. hxg4 Nh6 29. g5 Nf5 30. Be1 Re6 31. Rxe6 Nxe6 32. Nd5 Kf7 33. Bc3 Ne7 34. Nf6 Nxf4 35. Kd2 Ned5 36. Nxh7 Nh5 37. Be5 Kg8 38. c4 Nb4 39. a3 Nc6 40. Nf6+ Nxf6 41. Bxf6 Kf7 42. Kc3 Ke6 43. b4 Kd6 44. Bg7 Nd8 45. Bf8+ Kc6 46. bxc5 bxc5 47. Kd3 Nf7 48. Be7 Ne5+ 49. Kc3 a6 50. Bf6 Kd6 51. Bg7 Nd7 52. Kd3 a5 53. a4 Ke6 54. Kc2 Ne5 55. Bf8 Nxc4 56. Bxc5 Kd5 57. Be7 Nb6 58. Kb3 Nc4 59. Bd8 Kd4 60. Bf6+ Kd5 61. Bd8 Kd4 62. Bf6+ 1/2-1/2

[Event "ESP-ch rapid"]
[Site "Linares"]
[Date "2018.08.19"]
[Round "9"]
[White "Moreno Trujillo, Alejandro"]
[Black "Sande Edreira, Jose Antonio"]
[Result "1-0"]
[WhiteElo "2497"]
[BlackElo "2230"]
[PlyCount "83"]
[EventDate "2018.08.19"]
[EventType "swiss (rapid)"]
[EventRounds "9"]
[EventCountry "ESP"]
[SourceTitle "CBM 186 Extra"]
[Source "ChessBase"]
[SourceDate "2018.08.24"]
[SourceVersion "1"]
[SourceVersionDate "2018.08.24"]
[SourceQuality "1"]

1. d4 Nf6 2. c4 g6 3. Nc3 Bg7 4. e4 d6 5. Nf3 0-0 6. h3 c5 7. d5 e6 8. Bd3 Re8 9. 0-0 Na6 10. a3 exd5 11. cxd5 c4 12. Bc2 Nc5 13. Re1 Bd7 14. Bf4 Qb6 15. Rb1 Rac8 16. e5 Nh5 17. Bh2 dxe5 18. Nxe5 Qf6 19. Nxd7 Nxd7 20. Ne4 Qh4 21. Nd6 Rxe1+ 22. Qxe1 Rf8 23. Qe4 Qxe4 24. Bxe4 Nhf6 25. Bf3 Nb6 26. Rd1 Na4 27. Nxc4 b5 28. Ne3 Nxb2 29. Rc1 a5 30. Rc5 b4 31. Rxa5 bxa3 32. Rxa3 Nd7 33. Bd6 Rc8 34. g3 Ne5 35. Be2 h5 36. Be7 Bf8 37. d6 Rb8 38. f4 Nc6 39. Nd5 Bxe7 40. Nxe7+ Nxe7 41. dxe7 f6 42. Rb3 1-0

[Event "ESP-ch rapid"]
[Site "Linares"]
[Date "2018.08.19"]
[Round "5"]
[White "Sande Edreira, Jose Antonio"]
[Black "Perez Candelario, Manuel"]
[Result "1/2-1/2"]
[WhiteElo "2230"]
[BlackElo "2611"]
[PlyCount "77"]
[EventDate "2018.08.19"]
[EventType "swiss (rapid)"]
[EventRounds "9"]
[EventCountry "ESP"]
[SourceTitle "CBM 186 Extra"]
[Source "ChessBase"]
[SourceDate "2018.08.24"]
[SourceVersion "1"]
[SourceVersionDate "2018.08.24"]
[SourceQuality "1"]

1. c4 e6 2. Nf3 d5 3. b3 d4 4. g3 c5 5. Bg2 Nc6 6. 0-0 Nf6 7. d3 Be7 8. e3 0-0 9. exd4 cxd4 10. Re1 Nd7 11. Ba3 Bxa3 12. Nxa3 e5 13. Qd2 f6 14. b4 a5 15. b5 Ncb8 16. c5 Nxc5 17. Rac1 Nbd7 18. Nc4 Kh8 19. Nh4 g5 20. Nf5 Nb6 21. Ncd6 Nba4 22. f4 gxf4 23. gxf4 Bxf5 24. Nxf5 Qd7 25. Ng3 Rae8 26. fxe5 fxe5 27. Rf1 Nc3 28. Kh1 Ne6 29. Nh5 Qe7 30. Qh6 Ne2 31. Rce1 N6f4 32. Be4 Nxh5 33. Qxh5 Nf4 34. Qh6 Rf6 35. Qh4 Re6 36. Qxe7 R8xe7 37. Bf5 Rf6 38. Rxf4 exf4 39. Rxe7 1/2-1/2

[Event "Mondariz Cemar op 2nd"]
[Site "Mondariz"]
[Date "2015.08.23"]
[Round "9"]
[White "De Sousa da Silva, Armando"]
[Black "Sande Edreira, Jose Antonio"]
[Result "0-1"]
[WhiteElo "1958"]
[BlackElo "2244"]
[PlyCount "110"]
[EventDate "2015.08.16"]
[EventType "swiss"]
[EventRounds "9"]
[EventCountry "ESP"]
[SourceTitle "EXT 2019"]
[Source "ChessBase"]
[SourceDate "2018.10.10"]
[SourceVersion "1"]
[SourceVersionDate "2018.10.10"]
[SourceQuality "1"]

1. d4 g6 2. c4 Bg7 3. Nc3 d6 4. e4 Nf6 5. Be2 0-0 6. h3 c5 7. d5 e6 8. dxe6 Bxe6 9. Nf3 Nc6 10. 0-0 Qe7 11. Re1 Rfe8 12. Bf4 Rad8 13. Bf1 Nh5 14. Bg5 Bf6 15. Nd5 Bxd5 16. exd5 Ne5 17. Bd2 Nxf3+ 18. Qxf3 Be5 19. Bc3 Qg5 20. Bxe5 Rxe5 21. Rxe5 Qxe5 22. Qe2 Qxe2 23. Bxe2 Nf4 24. Bf1 Re8 25. g3 Ne2+ 26. Bxe2 Rxe2 27. b3 Kg7 28. Kg2 Kf6 29. Kf3 Rb2 30. h4 a5 31. Ke3 h5 32. Kf3 a4 33. bxa4 Rb4 34. Rc1 Rxa4 35. Rc2 Ke5 36. Ke3 Ra3+ 37. Kd2 Kd4 38. Rb2 Kxc4 39. Rxb7 Kxd5 40. Rxf7 Kd4 41. Rf4+ Ke5 42. Kc2 Rxa2+ 43. Kb3 Re2 44. Rf8 Kd4 45. Rf4+ Re4 46. Rf6 d5 47. Rxg6 c4+ 48. Kc2 Re2+ 49. Kd1 Rxf2 50. Rg5 Rg2 51. Rxh5 Rxg3 52. Kc1 Kc3 53. Rg5 Rh3 54. Rxd5 Rh1+ 55. Rd1 Rxd1+ 0-1

[Event "Mondariz Cemar op 2nd"]
[Site "Mondariz"]
[Date "2015.08.18"]
[Round "3"]
[White "Panelo Munoz, Marcelo A"]
[Black "Sande Edreira, Jose Antonio"]
[Result "1-0"]
[WhiteElo "2418"]
[BlackElo "2244"]
[PlyCount "89"]
[EventDate "2015.08.16"]
[EventType "swiss"]
[EventRounds "9"]
[EventCountry "ESP"]
[SourceTitle "EXT 2019"]
[Source "ChessBase"]
[SourceDate "2018.10.10"]
[SourceVersion "1"]
[SourceVersionDate "2018.10.10"]
[SourceQuality "1"]

1. d4 Nf6 2. Nf3 g6 3. g3 Bg7 4. Bg2 0-0 5. 0-0 d6 6. a4 c5 7. dxc5 dxc5 8. c3 Na6 9. Ne5 Rb8 10. Na3 Be6 11. Qxd8 Rfxd8 12. Nb5 Bd5 13. Nxa7 Ne4 14. Nd3 f5 15. Nb5 c4 16. Nf4 Bf7 17. Bxe4 fxe4 18. Be3 Rd7 19. Rfd1 Rbd8 20. Rxd7 Rxd7 21. Kf1 Kf8 22. Ke1 e5 23. Ng2 Ke8 24. Bb6 Bf8 25. Ne3 h5 26. h4 Be7 27. a5 Nc5 28. Bxc5 Bxc5 29. Ra4 Bxe3 30. fxe3 Ke7 31. Na3 Rc7 32. Rb4 Kf6 33. Rb6+ Ke7 34. Nc2 Rd7 35. Nb4 Be6 36. Rb5 Kf6 37. Rb6 Ke7 38. Kf2 Kf7 39. Nc2 Rc7 40. Na3 Ke7 41. Nb5 Rd7 42. Na7 Rc7 43. a6 bxa6 44. Nc6+ Kf8 45. Nxe5 1-0

[Event "Mondariz Cemar op 2nd"]
[Site "Mondariz"]
[Date "2015.08.16"]
[Round "1"]
[White "Lloveras Hernanz, Jose Antonio"]
[Black "Sande Edreira, Jose Antonio"]
[Result "0-1"]
[WhiteElo "1680"]
[BlackElo "2244"]
[PlyCount "56"]
[EventDate "2015.08.16"]
[EventType "swiss"]
[EventRounds "9"]
[EventCountry "ESP"]
[SourceTitle "EXT 2019"]
[Source "ChessBase"]
[SourceDate "2018.10.10"]
[SourceVersion "1"]
[SourceVersionDate "2018.10.10"]
[SourceQuality "1"]

1. d4 g6 2. c4 Bg7 3. Nc3 Nf6 4. Nf3 0-0 5. e4 d6 6. Be2 c5 7. 0-0 Bg4 8. d5 Nbd7 9. Be3 a6 10. Qc2 Re8 11. a4 Bxf3 12. Bxf3 e6 13. Rad1 exd5 14. Nxd5 Nxd5 15. exd5 Ne5 16. Be2 Qh4 17. b3 f5 18. g3 Qf6 19. Qd2 Nf7 20. Bf3 Re7 21. Bg2 Rae8 22. h4 h6 23. Rfe1 g5 24. hxg5 hxg5 25. f3 Qc3 26. Kf2 Qxb3 27. Bxg5 Bd4+ 28. Kf1 Qxc4+ 0-1

[Event "Famalicao op 3rd"]
[Site "Famalicao"]
[Date "2015.08.04"]
[Round "4"]
[White "Carvalho, Vitor Manuel Moreir"]
[Black "Sande Edreira, Jose Antonio"]
[Result "0-1"]
[WhiteElo "1496"]
[BlackElo "2244"]
[PlyCount "38"]
[EventDate "2015.08.02"]
[EventType "swiss"]
[EventRounds "7"]
[EventCountry "POR"]
[SourceTitle "CBM 167 Extra"]
[Source "ChessBase"]
[SourceDate "2015.09.14"]
[SourceVersion "1"]
[SourceVersionDate "2015.09.14"]
[SourceQuality "1"]

1. e4 c5 2. Nf3 g6 3. d4 cxd4 4. Qxd4 Nf6 5. e5 Nc6 6. Qa4 Nd5 7. b3 Bg7 8. Bb2 0-0 9. Nbd2 d6 10. Qe4 Ndb4 11. Qc4 d5 12. Qc3 d4 13. Qc4 Be6 14. Qb5 a6 15. Qe2 Nxc2+ 16. Kd1 Nxa1 17. Bxa1 Qa5 18. Nc4 Bxc4 19. Qxc4 Qxa2 0-1

[Event "Arteixo 1st"]
[Site "Arteixo"]
[Date "2015.07.17"]
[Round "8"]
[White "Sande Edreira, Jose Antonio"]
[Black "Fernandez Borrego, Pablo"]
[Result "1-0"]
[WhiteElo "2277"]
[BlackElo "2378"]
[PlyCount "141"]
[EventDate "2015.07.13"]
[EventType "tourn"]
[EventRounds "9"]
[EventCountry "ESP"]
[EventCategory "4"]
[SourceTitle "EXT 2019"]
[Source "ChessBase"]
[SourceDate "2018.10.10"]
[SourceVersion "1"]
[SourceVersionDate "2018.10.10"]
[SourceQuality "1"]

1. c4 e6 2. Nf3 d5 3. g3 Nf6 4. Bg2 dxc4 5. Qa4+ Nbd7 6. Qxc4 a6 7. Qb3 Be7 8. 0-0 0-0 9. Nc3 c5 10. a4 Qa5 11. d3 Qb4 12. Qc2 c4 13. d4 a5 14. Nb5 Nb6 15. Ne5 Nfd7 16. Ra3 Nxe5 17. Bd2 c3 18. Bxc3 Qc4 19. b3 Qxb5 20. axb5 Bxa3 21. dxe5 Nd5 22. Ra1 Bc5 23. Bxd5 exd5 24. b4 axb4 25. Rxa8 bxc3 26. Qxc3 b6 27. Qd3 d4 28. f3 h5 29. Kf2 g6 30. Rxc8 Rxc8 31. e6 Re8 32. exf7+ Kxf7 33. Qc4+ Kf6 34. Kf1 Kg7 35. f4 Rf8 36. Kg2 Re8 37. Kf1 Rf8 38. Qd5 Rf5 39. Qd7+ Rf7 40. Qd8 Rf8 41. Qd5 Rf5 42. Qe4 Rf7 43. Ke1 Re7 44. Qd5 Rf7 45. Kd1 Re7 46. f5 gxf5 47. Qxf5 Kh6 48. Qf6+ Kh7 49. Qg5 Ra7 50. Qxh5+ Kg7 51. Qg5+ Kh7 52. Qf5+ Kg7 53. Qe5+ Kh7 54. h4 Ra1+ 55. Kc2 Ra2+ 56. Kb1 Ra5 57. Qf5+ Kg8 58. Qd7 Ra3 59. g4 Re3 60. Qd5+ Kg7 61. Qg5+ Kh8 62. Qh5+ Kg8 63. g5 Re7 64. Qg6+ Kh8 65. Qf6+ Kg8 66. g6 d3 67. exd3 Bb4 68. h5 Re1+ 69. Kc2 Re2+ 70. Kb3 Re7 71. Qf7+ 1-0

[Event "Arteixo 1st"]
[Site "Arteixo"]
[Date "2015.07.14"]
[Round "3"]
[White "Sande Edreira, Jose Antonio"]
[Black "Kantans, Toms"]
[Result "0-1"]
[WhiteElo "2277"]
[BlackElo "2458"]
[PlyCount "78"]
[EventDate "2015.07.13"]
[EventType "tourn"]
[EventRounds "9"]
[EventCountry "ESP"]
[EventCategory "4"]
[SourceTitle "EXT 2019"]
[Source "ChessBase"]
[SourceDate "2018.10.10"]
[SourceVersion "1"]
[SourceVersionDate "2018.10.10"]
[SourceQuality "1"]

1. c4 Nf6 2. g3 c5 3. Bg2 Nc6 4. Nc3 g6 5. a3 Bg7 6. Rb1 0-0 7. b4 d6 8. d3 Qc7 9. Nf3 b6 10. 0-0 Bb7 11. Bg5 e6 12. Qd2 Rfe8 13. Bh6 Bh8 14. h3 Rad8 15. Rfc1 Qc8 16. Qf4 e5 17. Qh4 Nd4 18. e4 Nd7 19. Nxd4 exd4 20. Nd5 Bxd5 21. cxd5 Qa6 22. b5 Qxa3 23. Rd1 Rc8 24. Bf4 c4 25. dxc4 Rxc4 26. Ra1 Qb3 27. Rdb1 Qc3 28. Rxa7 Ne5 29. Bh6 d3 30. Qf4 Bg7 31. Rd1 Qc2 32. Raa1 Bxh6 33. Qxh6 Rec8 34. Qe3 Qe2 35. Qxb6 d2 36. Bf1 Nf3+ 37. Kh1 Qxe4 38. Bg2 Rc1 39. Qa5 Qe1+ 0-1